|
|
|
|
| LEADER |
00000nas a2200000 a 4500 |
| 001 |
ssj0001454334 |
| 003 |
WaSeSS |
| 005 |
20200512172242.0 |
| 006 |
m d |
| 007 |
cr n |
| 008 |
090716c20109999nyuqr p s | a0eng |
| 010 |
|
|
|a 2009203348
|
| 022 |
|
|
|y 1949-4890
|
| 035 |
|
|
|a (WaSeSS)ssj0001454334
|
| 037 |
|
|
|b Nova Science Publishers, Inc., 400 Oser Avenue, Suite 1600, Hauppauge, NY 11788-3619
|c $55.00 (single issue)
|c $195.00 (1 yr.)
|
| 040 |
|
|
|a DLC
|b eng
|c DLC
|d DLC
|d OCLCO
|d AU@
|d OCLCF
|d WaSeSS
|
| 042 |
|
|
|a pcc
|a nsdp
|
| 050 |
0 |
0 |
|a HD58.7
|b .J685
|
| 082 |
1 |
0 |
|a 302.3
|2 14
|
| 210 |
0 |
|
|a J. organ. moral psychol.
|
| 222 |
|
0 |
|a Journal of organizational moral psychology
|
| 245 |
0 |
0 |
|a Journal of organizational moral psychology
|h [electronic resource].
|
| 260 |
|
|
|a Hauppauge, N.Y. :
|b Nova Science Publishers, Inc.
|
| 310 |
|
|
|a Quarterly
|
| 362 |
1 |
|
|a Began with v. 1, issue 1 (2010).
|
| 506 |
|
|
|a License restrictions may limit access.
|
| 588 |
|
|
|a Description based on: Vol. 1, issue 1 (2010); title from cover.
|
| 588 |
|
|
|a Latest issue consulted: Vol. 1, issue 1 (2010).
|
| 650 |
|
0 |
|a Organizational behavior
|x Moral and ethical aspects
|v Periodicals.
|
| 650 |
|
0 |
|a Psychology, Industrial
|x Moral and ethical aspects
|v Periodicals.
|
| 650 |
|
0 |
|a Ethics
|x Psychological aspects
|v Periodicals.
|
| 650 |
|
7 |
|a Ethics
|x Psychological aspects.
|2 fast
|0 (OCoLC)fst00915846
|
| 650 |
|
7 |
|a Organizational behavior
|x Moral and ethical aspects.
|2 fast
|0 (OCoLC)fst01047811
|
| 655 |
|
0 |
|a Electronic journals.
|
| 850 |
|
|
|a DLC
|
| 856 |
4 |
0 |
|z Full text available from Research Library: 01/01/2011 to 09/30/2011
|u https://search.proquest.com/publication/2034830
|